Šanca uspieť už nemusí prísť
Rozhovor s prezidentom žilinského závodu Kia Slovakia. Základné fakty o závode Kia Slovakia v Žiline. Najväčší partneri spoločnosti. Sedemročná záruka na automobil Kia cee´d. Problém s prácou nadčas. Potreba väčšej flexibility. Riešenie dopadov hospodárskej krízy v závode.
Gespeichert in:
| 1. Verfasser: | |
|---|---|
| Weitere Verfasser: | |
| Format: | Buchkapitel |
| Sprache: | Slowakisch |
| Schlagworte: | |
| Tags: |
Keine Tags, Fügen Sie das erste Tag hinzu!
|
MARC
| LEADER | 00000naa a2200000 4500 | ||
|---|---|---|---|
| 001 | 0124289 | ||
| 005 | 20230918130707.4 | ||
| 041 | 0 | |a slo | |
| 044 | |a SK | ||
| 245 | 1 | 0 | |a Šanca uspieť už nemusí prísť |c Juraj Kantorík, Bae In-Kyu |
| 520 | |a Rozhovor s prezidentom žilinského závodu Kia Slovakia. Základné fakty o závode Kia Slovakia v Žiline. Najväčší partneri spoločnosti. Sedemročná záruka na automobil Kia cee´d. Problém s prácou nadčas. Potreba väčšej flexibility. Riešenie dopadov hospodárskej krízy v závode. | ||
| 610 | 2 | 0 | |a priemysel automobilový |
| 610 | 2 | 0 | |a automobily osobné |
| 610 | 2 | 0 | |a výroba |
| 610 | 2 | 0 | |a zamestnanci |
| 610 | 2 | 0 | |a práca nadčasová |
| 610 | 2 | 0 | |a kríza hospodárska |
| 610 | 2 | 0 | |a firmy |
| 610 | 2 | 0 | |a investori |
| 100 | 1 | |a Kantorík, Juraj | |
| 700 | 1 | |a In-Kyu, Bae | |